View of the reality of marketing management in small and medium-sized businesses in Slovakia
Prezentácia všeobecných názorov na postavenie marketingu v malých a stredných podnikoch. Prieskum umožnil získať poznatky nielen o implementácii marketingu v týchto podnikoch, ale aj vymedziť faktory, ktoré túto implementáciu ovplyvňujú.
Na minha lista:
| Autor principal: | |
|---|---|
| Outros Autores: | |
| Formato: | Capítulo de Livro |
| Idioma: | inglês |
| Assuntos: | |
| Tags: |
Sem tags, seja o primeiro a adicionar uma tag!
|
MARC
| LEADER | 00000naa$a2200000$$$4500 | ||
|---|---|---|---|
| 001 | 0053313 | ||
| 005 | 20240502071621.1 | ||
| 041 | 0 | |a eng | |
| 044 | |a SK | ||
| 245 | 1 | 0 | |a View of the reality of marketing management in small and medium-sized businesses in Slovakia |c Štefan Majtán, Katarína Grančičová |
| 520 | |a Prezentácia všeobecných názorov na postavenie marketingu v malých a stredných podnikoch. Prieskum umožnil získať poznatky nielen o implementácii marketingu v týchto podnikoch, ale aj vymedziť faktory, ktoré túto implementáciu ovplyvňujú. | ||
| 610 | 2 | 0 | |a Slovensko |
| 610 | 2 | 0 | |a marketing |
| 610 | 2 | 0 | |a podnik malý |
| 610 | 2 | 0 | |a podnik stredný |
| 610 | 2 | 0 | |a stratégia marketingová |
| 610 | 2 | 0 | |a plánovanie podnikové |
| 610 | 2 | 0 | |a marketing manažment |
| 100 | 1 | |a Majtán, Štefan | |
| 700 | 1 | |a Grančičová, Katarína, 1967- | |